[Event "Szolnok Agora op 2nd"]
[Site "Szolnok"]
[Date "2023.07.02"]
[Round "7"]
[White "Ondok, Matyas"]
[Black "Molnar, Laszlo7777"]
[Result "1-0"]
[WhiteElo "1472"]
[BlackElo "1198"]
[PlyCount "73"]
[EventDate "2023.06.29"]
[EventType "swiss"]
[EventRounds "7"]
[EventCountry "HUN"]
[SourceTitle "EXT 2024"]
[Source "ChessBase"]
[SourceDate "2023.10.10"]
[SourceVersion "1"]
[SourceVersionDate "2023.10.10"]
[SourceQuality "1"]

1. e4 c6 2. d4 d5 3. Nd2 dxe4 4. Nxe4 Nf6 5. Nxf6+ exf6 6. c3 Bd6 7. Bd3 0-0 8. Ne2 Bg4 9. f3 Bd7 10. Qc2 g6 11. Bf4 Qc7 12. Bxd6 Qxd6 13. 0-0-0 b5 14. Ng3 f5 15. Kb1 a5 16. Ne2 Na6 17. h4 Be6 18. h5 Rfb8 19. Qd2 Bc4 20. Bxc4 bxc4 21. g4 Rb5 22. hxg6 fxg6 23. Ka1 Nc7 24. Qf4 Qxf4 25. Nxf4 fxg4 26. fxg4 Rf8 27. Rhf1 Rg5 28. Ne2 Rxg4 29. a3 Nd5 30. Rxf8+ Kxf8 31. Rf1+ Kg7 32. Rf2 h5 33. Ka2 Kh6 34. b3 Ne3 35. bxc4 Rg2 36. Rxg2 Nxg2 37. d5 1-0

[Event "Szolnok op"]
[Site "Szolnok"]
[Date "2022.06.17"]
[Round "4"]
[White "Panda, Gyorgy"]
[Black "Ondok, Matyas"]
[Result "0-1"]
[WhiteElo "1638"]
[BlackElo "1385"]
[PlyCount "48"]
[EventDate "2022.06.16"]
[EventType "swiss"]
[EventRounds "7"]
[EventCountry "HUN"]
[SourceTitle "CBM 209 Extra"]
[Source "ChessBase"]
[SourceDate "2022.09.30"]
[SourceVersion "1"]
[SourceVersionDate "2022.09.30"]
[SourceQuality "1"]

1. d4 d5 2. c4 e6 3. Nc3 Nf6 4. Nf3 Be7 5. Bf4 c6 6. e3 0-0 7. h3 Nbd7 8. Be2 Re8 9. 0-0 Nf8 10. Ne5 Ng6 11. Nxg6 fxg6 12. Qc2 Bd6 13. Bg5 Qc7 14. Rac1 b6 15. Bxf6 gxf6 16. cxd5 exd5 17. Nxd5 Qd8 18. Qxc6 Be6 19. Nxf6+ Qxf6 20. Qxd6 Red8 21. Qa3 Qf7 22. Rc3 Rac8 23. Rfc1 Qd7 24. Rc7 Rxc7 0-1